000 00817nam a22002057a 4500
005 20240313094107.0
008 130821s1972 ck a gr spa
040 _aCo-BoUCM
_bspa
_cLuz Cupitra (modificó)
_dLuz Cupitra (modificó)
041 0 0 _aspa
092 _aFMR 0253
100 1 _aCadena, Dario
_974647
245 1 0 _aManual de anatomía humana
_cDario Cadena
260 _aBogotá (Colombia)
_b[Editorial desconocida]
_c1972
300 _a251 páginas (v. 1)
_bilustraciones, gráficas
500 _aTransferencia al Archivo Histórico en marzo de 2024. Investigación Emilio Quevedo, historiador de la medicina colombiana.
650 0 4 _aAnatomía humana
_97271
650 0 4 _aAnatomía humana
_vObras ilustradas
_97271
650 0 4 _aAnatomía
_99026
942 _cLIBRO
_a26
_e1
_2LOCAL
_hFMR 0253
_mFMR 0253
999 _c67480
_d67480